National Anthem of Philippines - Lupang Hinirang - Statistics

General Stats
  • This quiz has been taken 41 times
  • The average score is 38 of 85
Answer Stats
Lyrics % Correct
alab
100%
Bayang
100%
buhay
100%
dibdib
100%
hinirang
100%
Lupang
100%
magiliw
100%
mo'y
100%
ng
100%
ng
100%
perlas
100%
puso
100%
sa
100%
silanganan
100%
di
96%
Sa
96%
duyan
91%
ka
91%
magiting
91%
ng
91%
ka
87%
manlulupig
87%
Sa
87%
at
83%
pasisiil
83%
dagat
78%
bundok
70%
sa
70%
at
65%
sa
65%
simoy
65%
bughaw
61%
langit
61%
may
57%
mong
57%
ang
48%
at
48%
dilag
48%
tula
48%
awit
43%
sa
43%
paglayang
39%
minamahal
35%
Ang
30%
kislap
26%
mo'y
26%
ng
26%
tagumpay
26%
watawat
26%
na
22%
Ang
17%
nagniningning
17%
araw
9%
at
9%
bituin
9%
di
9%
kailan
9%
may
9%
niya
9%
pa
9%
Aming
4%
ang
4%
araw
4%
ay
4%
buhay
4%
dahil
4%
langit
4%
ligaya
4%
Lupa
4%
luwalhat'it
4%
magdidilim
4%
mamatay
4%
may
4%
mo
4%
na
4%
nang
4%
ng
4%
ng
4%
pag
4%
pagsinta
4%
piling
4%
sa
4%
sa
4%
yo
4%
mang appi
0%
No matching quizzes found
Score Distribution
Percent of People with Each Score
Percentile by Number Answered
Your Score History
You have not taken this quiz